000 00219nam a22000857a 4500
008 160711b xxu||||| |||| 00| 0 eng d
100 _92604
_a Prakash, V
245 _aAfraid
260 _aNew Delhi
_bDreamland Publication
_c2004
999 _c2260
_d2260